000 01128nam a22003257a 4500
001 BR7908159
003 BR-BrBNA
005 20230928090336.0
007 ta
008 230509b bl.||||| |||| 00| 0 por d
040 _aBR-BrBNA
_bpor
_cBiblioteca Nacional de Agricultura
041 _a(Por)
072 _aF50; F30
_b1440
_b/G514
090 _ 1440 BR7908159
100 1 _aAlbuquerque, M.C. de F. e
110 1 _aUniversidade Federal do Ceara, Fortaleza (Brasil). Centro de Ciencias Agrarias. Depto. de Fitotecnia
_0Tese (Mestre em Fitotecnia)
245 1 _aCrescimento e diferenciacao de tecidos de feijao-de-corda, Vigna sinensis (L.)Savi, in vitro [Ceara, Brasil]
260 3 _aFortaleza, CE (Brasil):
_c1979.
300 _a72 p.
500 _aSummary (Por); 13 illus.; Bibliography p. 58-72 (152 ref.)Universidade Federal do Ceara, Fortaleza (Brazil)
650 _aFEIJAO DE CORDA
650 _aTECIDO VEGETAL
650 _aCRESCIMENTO
650 _aNODULO
650 _aMELHORAMENTO GENETICO VEGETAL
650 _aFORTALEZA
650 _aCEARA
909 _a202309
_bLucia
_c55
_dLucia Elande
942 _cBK
999 _c28505
_d28505